000 00405nam a2200181Ia 4500
008 090124s9999 xx 000 0 und d
082 _b26764
100 _aDATE S. R.
245 _aBHAGANGAR STRUGGLE
250 _a0
260 _bS. R. DATE
300 _a249
600 _aDATE S. R.
630 _aBHAGANGAR STRUGGLE
700 _aDATE S. R.
730 _aBHAGANGAR STRUGGLE
942 _cBOOK
999 _c94059
_d94059